| 000 | 00529cam a2200217 4500 | ||
|---|---|---|---|
| 001 | B2395 | ||
| 008 | 090401t1989 xxu||||| |||| 00| 0 eng d | ||
| 035 | _a(Sirsi) u49822 | ||
| 041 | _aeng | ||
| 050 | _a333.33609426 | ||
| 110 |
_aDrivers Jonas _91941 |
||
| 245 | _aIndustrial property trends in East Anglia 1978-1989 | ||
| 260 |
_aLondon _bDrivers Jonas _c1989 |
||
| 300 | _a(8)p. ; 30cm. | ||
| 350 | _a22.5 | ||
| 650 | _aCAMBRIDGESHIRE | ||
| 650 | _aNORFOLK | ||
| 650 | _aSUFFOLK | ||
| 942 | _n0 | ||
| 948 | _c04/03/1997 | ||
| 999 |
_c92599 _d92599 |
||